000 01658nam a2200493 i 4500
001 29847
003 KOSZ 005
005 20230215121850.0
008 230214s1993 pl f 001 0 pol
015 _aUWD 1993/5496
020 _a8385517030
035 _a991000982389705066
035 _a(PL-WaBN)b10298563-48omnis_nlop
035 _ab10298563
035 _a(OCoLC)749853758
035 _a(PL)b0000001029856
035 _a(EXLNZ-48OMNIS_NETWORK)9910497943705606
040 _aWA N
_cWA N
_dKOSZ 005/EG
_dKOSZ 005/RW
041 0 _apol
_aeng
_afre
_ager
_arus
046 _k1993
080 _a339(038)=00
245 0 0 _aSłownik pięciojęzyczny ekonomiczno-handlowy :
_bpolsko-angielsko-francusko-niemiecko-rosyjski /
_c[wybór i opracowanie Piotr Ratajczak].
260 _aZielona Góra :
_b"Kanion",
_c1993.
300 _a348, [4] stron ;
_c21 cm.
336 _aTekst
_btxt
_2rdacontent
337 _aBez urządzenia pośredniczącego
_bn
_2rdamedia
338 _aWolumin
_bnc
_2rdacarrier
380 _aKsiążki
380 _aPublikacje informacyjne
388 1 _a1901-2000
388 1 _a1989-2000
504 _aIndeksy.
650 7 _aHandel
_2DBN
650 7 _aNauki ekonomiczne
_2DBN
650 7 _aTerminologia
655 7 _aSłownik terminologiczny
_2DBN
655 7 _aSłownik wielojęzyczny
_2DBN
658 _aJęzykoznawstwo
700 1 _aRatajczak, Piotr
_eOpracowanie
710 2 _aWydawnictwo Kanion
_4pbl
856 _uhttp://koha.tu.koszalin.pl/cgi-bin/koha/opac-detail.pl?biblionumber=29847
_yKatalog online BPK
942 _2UKD
_cKS
999 _c29847
_d29847